| 000 | 00451cam a2200169ua 4500 | ||
|---|---|---|---|
| 020 | _a0-471-30435-2 | ||
| 041 |
_aeng _h |
||
| 082 |
_a620.30287 _bMCC/VI |
||
| 100 | _aMcConnell, Kenneth G . | ||
| 245 |
_aVibration testing: Theory and practice / _cKenneth G McConnell. _hTextual Documents |
||
| 260 |
_aLondon : _bJohn Wiley & Sons , _c1995. |
||
| 300 | _a606 ; . | ||
| 500 | _a** Reference | ||
| 504 | _a | ||
| 942 | _cBK | ||
| 999 |
_c10483 _d10483 |
||